A család befolyásoló hatása az iskolai teljesítményre

Bibliográfiai részletek
Szerző: Ilkuné Pósán Zsuzsanna
További közreműködők: Oláhné Zieser Zsuzsanna
Dokumentumtípus: Diplomadolgozat
Kulcsszavak:család
iskola,
iskolai teljesítmény
Online Access:http://dolgozattar.uni-bge.hu/15941

MARC

LEADER 00000nta a2200000 i 4500
001 dolg15941
005 20181113094222.0
008 180515suuuu hu om 000 hun d
040 |a BGE Dolgozattár Repozitórium  |b hun 
041 |a hu 
100 1 |a Ilkuné Pósán Zsuzsanna 
245 1 2 |a A család befolyásoló hatása az iskolai teljesítményre   |c Ilkuné Pósán Zsuzsanna  |h [elektronikus dokumentum] 
246 1 1 |a A család befolyásoló hatása az iskolai teljesítményre  
695 |a család 
695 |a iskola, 
695 |a iskolai teljesítmény 
700 1 |a Oláhné Zieser Zsuzsanna  |e ths 
856 4 0 |u http://dolgozattar.uni-bge.hu/15941/1/Ilkun%C3%A9%20P%C3%B3s%C3%A1n%20Zsuzsanna%20szakdolgozat.pdf  |z Dokumentum-elérés